[Event "Gachantiva op 9th"]
[Site "Gachantiva"]
[Date "2019.06.24"]
[Round "7"]
[White "Rojas Castillo, Leibnitz Edison"]
[Black "Rodriguez Wilches, Fernando"]
[Result "1-0"]
[WhiteElo "1672"]
[BlackElo "1430"]
[PlyCount "48"]
[EventDate "2019.06.21"]
[EventType "swiss"]
[EventRounds "7"]
[EventCountry "COL"]
[SourceTitle "CBM 191 Extra"]
[Source "ChessBase"]
[SourceDate "2019.09.30"]
[SourceVersion "1"]
[SourceVersionDate "2019.09.30"]
[SourceQuality "1"]

1. e4 e5 2. Nf3 Nc6 3. Nc3 d6 4. Bb5 a6 5. Ba4 b5 6. Bb3 Na5 7. d4 Nxb3 8. axb3 exd4 9. Nxd4 Bb7 10. 0-0 Ne7 11. Bg5 h6 12. Bh4 g5 13. Bg3 Qd7 14. Qh5 Bg7 15. Rad1 0-0 16. f4 f6 17. f5 Qe8 18. Qf3 Rf7 19. Ne6 Nc6 20. Nd5 Rc8 21. h4 Nd8 22. Nd4 c6 23. Nb6 c5 24. Nxc8 Bxc8 1-0

[Event "Gachantiva op 9th"]
[Site "Gachantiva"]
[Date "2019.06.21"]
[Round "1"]
[White "Ramirez Beltran, Francisco Javier"]
[Black "Rodriguez Wilches, Fernando"]
[Result "1-0"]
[WhiteElo "1939"]
[BlackElo "1430"]
[PlyCount "67"]
[EventDate "2019.06.21"]
[EventType "swiss"]
[EventRounds "7"]
[EventCountry "COL"]
[SourceTitle "CBM 191 Extra"]
[Source "ChessBase"]
[SourceDate "2019.09.30"]
[SourceVersion "1"]
[SourceVersionDate "2019.09.30"]
[SourceQuality "1"]

1. e4 c5 2. d4 cxd4 3. c3 dxc3 4. Nxc3 g6 5. Nf3 Bg7 6. Bc4 e6 7. 0-0 Ne7 8. Qe2 Nbc6 9. Rd1 a6 10. a4 Ne5 11. Nxe5 Bxe5 12. Bh6 Ng8 13. Be3 h5 14. f4 Bg7 15. a5 Qe7 16. e5 Nh6 17. Ne4 0-0 18. Bc5 Qd8 19. Bxf8 Bxf8 20. Nf6+ Kg7 21. Qd3 d5 22. Bb3 Nf5 23. Qc3 Be7 24. Ba4 b5 25. axb6 Qxb6+ 26. Kh1 d4 27. Ne8+ Kf8 28. Qc6 Qxc6 29. Bxc6 Ra7 30. Nf6 a5 31. Be4 Bxf6 32. exf6 Ra6 33. Bxf5 exf5 34. Rxd4 1-0